000 00445nam a2200205Ia 4500
003 IT-RoPAU
008 120407s9999 xx 000 0 und d
040 _aIT-RoPAU
040 _cIT-RoPAU
041 _aita
100 _aAngela da Foligno
245 _aIl libro della B. Angela da Foligno.
260 _aEdizioni Paoline
260 _c1955
300 _c cm
490 _aAmanti di Dio, 1
490 _v1
942 _cBK
999 _c187
_d187